Państwa Europy środkowej po Niemiecku. - Statystyki

Ogólne statystyki
  • Ten quiz został rozwiązany 144 razy
    118 od ostatniego zresetowania
  • Średni wynik to 6 z 9
Statystyki odpowiedzi
Wskazówka Odpowiedź % Poprawnych
Polska Polen
98%
Niemcy Deutschland
86%
Liechtenstein Liechtenstein
86%
Austria Osterreich
80%
Szwajcaria Schweiz
78%
Węgry Ungarn
53%
Czechy Tschechien
49%
Słowenia Slowenien
43%
Słowacja Slowakei
41%
Nie znaleziono quizów pasujących do podanych kryteriów
Rozkład punktacji
Procent ludzi z każdym wynikiem
Percentyl według liczby udzielonych odpowiedzi
Twoja historia wyników
Nie rozwiązałeś tego quizu od ostatniego zresetowania